000 00841nam a2200217 a 4500
001 78340
003 BD-RjUL
005 20211209083123.0
008 210912s1954 ii ||||| |||| 00| 1 ben d
035 _a(BD-RjUL)78566
040 _aBD-RjUL
_beng
_cBD-RjUL
_dBD-RjUL
041 _aeng
082 _223
_a891.443
_bSAV 1954
100 1 _aসাংকৃত্যায়ন, রাহুল
_9134947
245 1 0 _aভোলগা থেকে গঙ্গা /
_cরাহুল সাংকৃত্যায়ন
260 _aকলিকাতা :
_bচিরায়ত প্রকাশন,
_c১৯৫৪
300 _a২৭৬ পৃ. ;
_c২১ সেমি.
650 _aবাংলা সাহিত্য
_xছোটগল্প
_9123283
650 _aBengali Literature
_xShort Stories
_9134948
942 _2ddc
_cBK
999 _c78340
_d78340